Italia vagabonda: il tempo libero degli italiani dal melodramma alla pay-tv (Record no. 89442)

MARC details
000 -LEADER
fixed length control field 02198nam a2200313Ia 4500
001 - CONTROL NUMBER
control field G7261
003 - CONTROL NUMBER IDENTIFIER
control field IT-RoPAU
008 - FIXED-LENGTH DATA ELEMENTS--GENERAL INFORMATION
fixed length control field 130308s9999 xx 000 0 und d
040 ## - CATALOGING SOURCE
Original cataloging agency IT-RoPAU
040 ## - CATALOGING SOURCE
Transcribing agency IT-RoPAU
041 ## - LANGUAGE CODE
Language code of text/sound track or separate title ITALIANO
100 ## - MAIN ENTRY--PERSONAL NAME
Personal name Pivato Stefano
100 ## - MAIN ENTRY--PERSONAL NAME
Miscellaneous information Codice Aut. SPICS: 55586
245 ## - TITLE STATEMENT
Title Italia vagabonda: il tempo libero degli italiani dal melodramma alla pay-tv
245 ## - TITLE STATEMENT
Remainder of title Italia Vagabonda: Il Tempo libero degli Italiani dal melodramma Alla Pay-Tv
250 ## - EDITION STATEMENT
Edition statement 2a ed.
260 ## - PUBLICATION, DISTRIBUTION, ETC. (IMPRINT)
Place of publication, distribution, etc. ROMA
260 ## - PUBLICATION, DISTRIBUTION, ETC. (IMPRINT)
Name of publisher, distributor, etc. Carocci
260 ## - PUBLICATION, DISTRIBUTION, ETC. (IMPRINT)
Date of publication, distribution, etc. 2001 [1° Ed.:2001 - Ed.Ling.Originale:2001]
300 ## - PHYSICAL DESCRIPTION
Extent "218 p. (prefazione: no ; testo: 218 [pagine: 0-0])"
500 ## - GENERAL NOTE
General note "Il Tempo libero Ha Acquisito Oggi Uno Spazio e un rilievo Tali da Farlo Apparire Come Uno dei Fenomeni Piu' Caratteristici e Coinvolgenti della Società di Massa. Il Libro Ripercorre gli Aspetti significativi della Storia del Tempo libero in Italia Dall'Ottocento Ai Nostri Giorni: Dai Giochi Tradizionali Allo Sport, Dalla Musica al Ballo, Dalla Scoperta della vacanza al Cinema, Dai piaceri della tavola Ai Giochi Virtuali. Un Affresco di Storia del costume e della Mentalità per Cogliere le Trasformazioni della Societa'Italiana nel Corso di Oltre un Secolo. Ottocento: Gioco del Pallone a Bracciale, Melodramma, Italia in Maschera. Casino, Osteria e Caffe'. La belle Epoque: Tempo libero e Tempo dell'Industria; Il Mare; Bicicletta e Giro D'Italia; Dinamismo e Sportismo; sala da Ballo. Uso Politico del Tempo Libero: Politica e Sport; Fascismo e Tempo Libero; sport e Fascismo; Nazionalizzazione del Tempo Libero; Oratorio; Vacanza. Secondo Dopoguerra: Cinema di Massa; Arriva Mamma Tv; tra Flipper, Juke Box e Fotoromanzi; Evasione e Contestazione; Canzone; Coppi, Bartali e Berlusconi. Oggi: Svago e Benessere; telenovela e Fiction contro Il Cinema; Italia in Musica; Era del Gioco Tecnologico; Cibo; Onomastica del Tempo Libero. Postfazione: Tempo Storico e Tempo Libero."
650 ## - SUBJECT ADDED ENTRY--TOPICAL TERM
Topical term or geographic name as entry element SOCIOLOGIA DELLA COMUNICAZIONE SOCIALE
650 ## - SUBJECT ADDED ENTRY--TOPICAL TERM
Relator term Codice materia Spics: 3806
700 ## - ADDED ENTRY--PERSONAL NAME
Personal name Tonelli Anna
700 ## - ADDED ENTRY--PERSONAL NAME
Miscellaneous information Codice Aut. SPICS: 55587
942 ## - ADDED ENTRY ELEMENTS (KOHA)
Koha item type LIBRO
957 ## -
-- 1
999 ## - SYSTEM CONTROL NUMBERS (KOHA)
-- 1
Holdings
Withdrawn status Lost status Damaged status Not for loan Home library Current library Date acquired Total Checkouts Full call number Date last seen Price effective from Koha item type Public note
    Buone Condizioni Not For Loan SPICS-MEDIATECA SPICS-MEDIATECA 08/03/2013   G7261 08/03/2013 08/03/2013 LIBRO Progressivo inserimento: 14302 / N. Volumi: 1 Copie: 1 / data import: 1 marzo 2013 - By Epidotti, Trombetti, Vaglietti.
CREDITS: SOCIETA' SAN PAOLO Via A.Severo, 58 - ROMA (RM) & PERIODICI SAN PAOLO SRL Via Giotto, 36 MILANO & CISF Via Giotto, 36 MILANO & EDIZIONI SAN PAOLO SRL,  Piazza Soncino, 5 CINISELLO BALSAMO (MI) -- ITALY